000 01669nam a2200433Ia 4500
001 dia_6131
003 CHAP
005 20230607100656.0
008 220117s2013 xx 000 0 und d
010 _a177360
020 _a978-92-5-307694-9
040 _cCHAP
082 _a630 O23 2013
110 _aOCDE
_9161001
245 _aOCDE-FAO Perspectivas Agrícolas 2013-2022 /
_c edición Laura Milena Valencia ; traducción Mariana Romero González, Noé Carrillo Márquez y Edgardo Amilcar Lara Córdoba
260 _aMéxico :
_b UACh,
_c2013
300 _a338 p.
500 _aTítulo original: OECD-FAO Agricultural Outook 2013-2022.
503 _aD.
504 _aIncluye bibliografías
590 _aHD1415 O23 2013
650 _aAgricultura
_91172
650 _aAgricultural economics
_9147021
650 _aAgricultural outlook and situation
_9161002
650 _aAgricultural statistics
_9147709
650 _aAgriculture
_9151252
650 _aEconomía agrícola
_9147023
650 _aEstadística agrícola
_9147711
650 _aPerspectiva y situación agrícola
_9161003
700 _aCarrillo Márquez, Noé, tr.
_9161007
700 _aLara Córdoba, Edgardo Amilcar, tr.
_9161008
700 _aMilena Valencia, Laura, ed.
_9161004
700 _aRomero Gónzalez, Mariana, tr.
_9161005
710 _aOrganización para la Cooperación y el Desarrollo Económicos (OCDE) \ Organización de las Naciones Unidas para la Alimentación y la Agricultura (FAO)
_9161009
901 _a630 O23 2013
902 _aM
905 _a5232272013 mx NM 8225123322SPA16
942 _cLIBRO
_2ddc
999 _c177360
_d177360